Представление документа в формате RUSMARC

ПолеНазваниеЗначение
  Тип записи a
  Библиографический уровень m
001 Контрольный номер admiBOOK00017117
005 Дата корректировки 20140508173827.0
010 Индекс ISBN __
a ISBN 978-5-279-03213-6
d Цена 247.00
100 Данные общей обработки __
a Данные общей обработки 19020205 |||y0 y0189 ca
101 Язык документа __
a Язык текста rus
105 Кодированные данные (монография) __
a Кодированные данные (монография) zy
200 Заглавие и сведения об ответственности 0_
a Заглавие Налогообложение и таможенно-тарифное регулирование внешнеэкономической деятельности
e Сведения, относящиеся к заглавию Учебно-методическое пособие
210 Выходные данные __
a Место издания М
c Издательство Финансы и статистика
d Дата издания 2007
215 Физическое описание __
a Объем 288с.
606 Тематические рубрики __
a Основная рубрика Внешнеэкономические связи РФ
x Основная подрубрика Внешнеэкономическая деятельность предприятий
610 Ключевые слова __
a Ключевые слова Внешнеэкономические связи РФ
a Ключевые слова Внешнеэкономическая деятельность предприятия
a Ключевые слова Организация регулирования ВЭД
a Ключевые слова Внешнеэкономические операции
a Ключевые слова ВЭД
a Ключевые слова Паблик рилейшнз
675 Индекс УДК __
a Индекс УДК 339.543(075.8)
686 Индексы других классификаций __
a Классификационный индекс 65.9(2)8
a Классификационный индекс 65.298
700 Автор __
a Фамилия Гварлиани
b Имя Т.Е.
852 Данные о местонахождении __
c Местонахождение стеллажа 65.9(2)8
c Местонахождение стеллажа 65.298
j Шифр хранения 65.9(2)8
852 Данные о местонахождении __
b Сигла хранения ЧЗ_1
t Номер экземпляра 1
i Авторский знак Г25
p Инвентарный номер 142053
901 Тип документа __
t Тип документа m
911 __
u 952a=Учебник
u 952p=1837
938 Служебная информация __
a Название организации Саранский филиал
b Имя БД OUTPUT.MRC_Саранск
c Название АИБС АИБС Библиотека